Vista normal
Vista MARC
Entrada Nombre personal
Número de registros utilizados en: 1
001 - NÚMERO DE CONTROL
- Campo de control: 45643
003 - IDENTIFICADOR DE NÚMERO DE CONTROL
- Campo de control: OSt
005 - FECHA Y HORA DE LA ULTIMA MODIFICACION
- Campo de control: 20210820113540.0
008 - ELEMENTOS DE DATOS DE LONGITUD FIJA
- Campo de longitud fija: 210820|| aca||aabn | a|a d
040 ## - FUENTE DE LA CATALOGACIÓN
- Agencia original de catalogación: OSt
100 1# - ENCABEZAMIENTO--NOMBRE DE PERSONA
- Nombre personal: Ramos Cortez, Nelson Lenni
670 ## - FUENTE DE DATOS ENCONTRADOS
- Fuente de citación: Investigación: Efecto de la educación social en el proceso de reinserción social de los privados de libertad de la Granja Penitenciaria para hombres Santa Ana.-
670 ## - FUENTE DE DATOS ENCONTRADOS
- Fuente de citación: BMC.- 20-08-2021